000 00570nam a2200205Ia 4500
005 20250923145008.0
008 008 250917s9999 xx 000 0 eng d
037 _aTextual
040 _aDSWL
_beng
_cDSWL
041 _aeng
_2eng
084 _aY1:1:5:206, H2
_qDSWL
100 _aMukerji, D.P.
_9830674
245 0 _aModern Indian Culture
_cby D.P. Mukerji
260 _aAllahabad
_bIndia Publier
_c1942
300 _a277 p.
365 _aINR
_b4.75
925 _g4.75
942 _cTEXL
_hY1:1:5:206, H2
999 _c1445817
_d1445817